Statistics for Interstate I-10 Cities

Click here to take the quiz!

General Stats

  • This quiz has been taken 168 times
    (139 since last reset)
  • The average score is 18 of 23

Answer Stats

State% Correct
Los Angeles
95%
Houston
94%
El Paso
92%
Phoenix
89%
Texas
89%
Arizona
88%
Florida
88%
San Antonio
88%
California
87%
Jacksonville
87%
Alabama
86%
New Mexico
86%
Louisiana
85%
New Orleans
85%
MIssissippi
84%
Mobile
84%
Tallahassee
83%
Tucson
77%
Baton Rouge
72%
San Bernardino
62%
Tempe
41%
Ontario
36%
Fontana
22%

Score Distribution

Percentile by Number Answered

Percent of People with Each Score

Your Score History

You have not taken this quiz since the last reset